Central Library OPAC University of Rajshahi
Normal view MARC view

Entry Personal Name

Number of records used in: 2

001 - CONTROL NUMBER

  • control field: 15772

003 - CONTROL NUMBER IDENTIFIER

  • control field: BD-RjUL

005 - DATE AND TIME OF LATEST TRANSACTION

  • control field: 20250625120620.0

008 - FIXED-LENGTH DATA ELEMENTS

  • fixed length control field: 250625|| aca||aabn | a|a d

040 ## - CATALOGING SOURCE

  • Original cataloging agency: BD-RjUL
  • Transcribing agency: BD-RjUL

100 ## - HEADING--PERSONAL NAME

  • Personal name: Pottle, Frederick A.
  • Fuller form of name: (Frederick Albert),
  • Dates associated with a name: 1897-1987

670 ## - SOURCE DATA FOUND

  • Source citation: Work cat.: (BD-RjUL)85052: Boswell, James, 1740-1795. 15766, Boswell on the grand tour:, 1955.